Flagi stolic - Europa - Statystyki

Ogólne statystyki
  • Ten quiz został rozwiązany 13 razy
  • Średni wynik to 26 z 52
Statystyki odpowiedzi
Obrazkowy Odpowiedź % Poprawnych
Watykan
100%
Berlin
78%
Madryt
78%
Amsterdam
67%
Andora
67%
Astana
67%
Dublin
67%
Kiszyniów
67%
Sztokholm
67%
Warszawa
67%
Ankara
56%
Ateny
56%
Berno
56%
Budapeszt
56%
Bukareszt
56%
Helsinki
56%
Londyn
56%
Lublana
56%
Mińsk
56%
Moskwa
56%
Paryż
56%
Praga
56%
Rzym
56%
San Marino
56%
Sarajewo
56%
Vaduz
56%
Wilno
56%
Zagrzeb
56%
Baku
44%
Belgrad
44%
Erywań
44%
Kopenhaga
44%
Lizbona
44%
Luksemburg
44%
Oslo
44%
Prisztina
44%
Reykjavík
44%
Ryga
44%
Skopje
44%
Sofia
44%
Tallinn
44%
Tbilisi
44%
Wiedeń
44%
Bruksela
33%
Monako
33%
Nikozja
33%
Podgorica
33%
Tirana
33%
Cchinwali
22%
Valetta
22%
Torshavn
11%
Tyraspol
11%
Nie znaleziono quizów pasujących do podanych kryteriów
Rozkład punktacji
Procent ludzi z każdym wynikiem
Percentyl według liczby udzielonych odpowiedzi
Twoja historia wyników
Nie rozwiązałeś tego quizu